000 01425nam a22003737a 4500
003 CHAP
005 20220329134351.0
008 971013s1984 r 00010 d
010 _a19429
011 _a20401
035 _a24489
040 _cCHAP
082 _a630.72
_bC42r
110 _aCentro Internacional de Agricultura Tropical
_921185
245 _aReseña de los logros principales durante el período 1977-1983
260 _aCali :
_b(El Centro),
_c1984
300 _a96 p.
_b: ilus. ; gráfs.
590 _aBATCH-UPD
_b10
_c20130110
_lUCH01
_h0027
590 _aBATCH-UPD
_b10
_c20130110
_lUCH01
_h1035
590 _aBATCH-UPD
_b10
_c20130409
_lUCH01
_h2008
590 _aBATCH-UPD
_b10
_c20130410
_lUCH01
_h0637
590 _aBATCH-UPD
_b10
_c20130913
_lUCH01
_h2109
590 _aCONVERSION
_b10
_c20130109
_lUCH01
_h1312
650 1 4 _aAgricultura
_xInvestigación
_xTrópicos.
_91686
650 1 4 _aAgricultura
_xTrópicos.
_91888
650 1 4 _aTrópicos
_xAgricultura.
_9115279
901 _aBK
942 _cLIBRO
949 _a630.72 C42r
_bBC
_cLIBRO
_d-56401
_eLIBRO
_fc.3
_h68257
_i24489
_si
949 _a630.72 C42r
_bBC
_cLIBRO
_d33724000037016
_eLIBRO
_h62843
_i24489
_si
949 _a630.72 C42r
_bBC
_cLIBRO
_d33724000037024
_eLIBRO
_fc.2
_h68256
_i24489
_si
949 _a630.72 C42r
_bBC
_cLIBRO
_d33724000037032
_eLIBRO
_fc.4
_h63053
_i24489
_si
949 _a630.72 C42r
_bBC
_cLIBRO
_d33724000037040
_eLIBRO
_fc.5
_h62775
_i24489
_si
999 _c19429
_d19429